000 00561nam a2200217 i 4500
001 C2-0141596
003 PPAK
005 20180727125312.0
008 980104s1991 io |||| ||||| | may d
040 _aPPAK
_beng
_cPPAK
_erda
082 0 4 _a015
_223
090 0 0 _a015
_bDAF
_dKIH
245 0 0 _aDaftar harga 1991
264 1 _aYogyakarta, Indonesia :
_bKanisius ,
_c1991
300 _a91 pages ;
_c21 cm
336 _2rdacontent
_atext
337 _2rdamedia
_aunmediated
338 _2rdacarrier
_avolume
650 1 0 _aCatalogs, publishers
942 _ddc
_cB
999 _c44221
_d44221